000
00293nam a22001337a 4500
008
170222b xxu||||| |||| 00| 0 eng d
020
_a
9789351522324
041
_a
eng
080
_2
3 ED
_a
616 31
100
_a
5
101
_a
SHS
245
_a
PEDIATRIC DENTISTRY
_c
MARWAH.N
942
_2
udc
_c
BK
999
_c
6104
_d
6104